Pracovná zdravotná služba
Pracovná zdravotná služba je v zmysle ustanovení zákona č. 124/2006 Z. z. o bezpečnosti a ochrane zdravia pri práci zaradená medzi preventívne a ochranné služby. Poskytuje odborné služby zamestnávateľovi v súvislosti s výberom, organizovaním a vykonávaním odborných úloh pri zaisťovaní bezpečnosti a...
Salvato in:
| Autore principale: | |
|---|---|
| Natura: | Capitolo di libro |
| Lingua: | slovacco |
| Soggetti: | |
| Tags: |
Nessun Tag, puoi essere il primo ad aggiungerne!!
|
MARC
| LEADER | 00000naa a2200000 4500 | ||
|---|---|---|---|
| 001 | 0243937 | ||
| 005 | 20180607123910.4 | ||
| 041 | 0 | |a slo | |
| 044 | |a SK | ||
| 245 | 1 | 0 | |a Pracovná zdravotná služba |c Martina Kovalčíková |
| 520 | |a Pracovná zdravotná služba je v zmysle ustanovení zákona č. 124/2006 Z. z. o bezpečnosti a ochrane zdravia pri práci zaradená medzi preventívne a ochranné služby. Poskytuje odborné služby zamestnávateľovi v súvislosti s výberom, organizovaním a vykonávaním odborných úloh pri zaisťovaní bezpečnosti a ochrany zdravia pri práci. Úlohy pracovnej zdravotnej služby v oblasti ochrany zdravia pri práci. | ||
| 610 | 2 | 0 | |a pracovisko |
| 610 | 2 | 0 | |a práca |
| 610 | 2 | 0 | |a ochrana zdravia |
| 610 | 2 | 0 | |a bezpečnosť práce |
| 610 | 2 | 0 | |a služby zdravotnícke |
| 610 | 2 | 0 | |a zamestnávatelia |
| 610 | 2 | 0 | |a zamestnanci |
| 610 | 2 | 0 | |a lekári |
| 610 | 2 | 0 | |a legislatíva |
| 100 | 1 | |a Kovalčíková, Martina | |